000 00500nam a2200181Ia 4500
003 GCL
008 140319s9999 xx 000 0 eng d
040 _aGCL /
_cGCL
082 0 4 _a155.422
_bD L
100 1 _aDELDIME, ROGER
245 1 0 _aLE DEVELOPPEMENT PSYCHOLOGIQUE DE L'ENFANT /
_cDELDIME, ROGER
700 1 _aVERMEULEN, SONIA
260 _a[S.N] :
_bDE BOECK, BELIN ،
_c1997
300 _a241 P
650 0 4 _aDEVELOPMENTAL PSYCHOLOGY
650 0 4 _aCHILDREN - PSYCHOLOGY
942 _2ddc
_cBK
999 _c16302
_d16302